| 000 | 00601nam a2200181 4500 | ||
|---|---|---|---|
| 001 | 22494 | ||
| 005 | 20230410101919.0 | ||
| 008 | 060907n1960 dr spa | ||
| 035 | _9funglode22657 | ||
| 041 | _aES | ||
| 050 | 1 | 4 | _a118 F 1938.4 I43 1960 |
| 245 | 0 |
_aInforme de la Comisión de Investigación de los E.U.A. en Santo Domingo en 1871 / _cprefacio y notas de Emilio Rodríguez Demorizi |
|
| 260 |
_aCiudad Trujillo : _bEditora Montalvo, _c1960 |
||
| 300 | _a650 p. | ||
| 440 |
_aAcademia Dominicana de la Historia ; _v9 |
||
| 700 | _aRodríguez Demorizi, Emilio | ||
| 942 |
_2lcc _cbk |
||
| 999 |
_c15740 _d15740 |
||